Responses for Show #3517 - Tuesday, December 14, 1999

Darlene Lieblich game 3.

Contestants

[<< previous game]

Kathleen Victor Wyatt, a translator from Buffalo, New York

Carter Paige, a nonprofit fundraiser from Bethesda, Maryland

Darlene Lieblich, a television executive from Van Nuys, California (whose 2-day cash winnings total $13,099)

[next game >>]

Jeopardy! Round responses

4-LETTER CAPITALS
THE WOK OF FAME
BETTER KNOWN AS...
"CAL" STATE
DUKE, DUKE
GOOSE... MOTHER GOOSE
    $100 3
Rome

Darlene
    $100 1
Chopsticks

Darlene
    $100 11
"Tokyo Rose"

Darlene
    $100 16
Calories

Carter
    $100 5
Duke Ellington

Kathleen
    $100 6
(Darlene: What is 12?)

6

DarleneKathleen
    $200 27
Lima

Carter
    $200 2
Noodles

Carter
    $200 22
Tiny Tim

Darlene
    $200 19
Calamine lotion

Kathleen
    $200 14
Ku Klux Klan

Carter
    $200 7
Little Bo Peep

Triple Stumper
    $500 28
(Carter: What is Copenhagen?)

Oslo

Carter
    $300 4
MSG (Monosodium glutamate)

Carter
    $300 23
Nostradamus

Darlene
    $300 20
Calabash

Darlene
    $300 15
(Darlene: Who is Duke Schneider?)

Duke Snider

DarleneKathleen
    $300 8
Puppy dog tails

Darlene
    $400 29
Riga

Kathleen
    $400 12
Shark fin soup

Darlene
    $400 25
Mookie Wilson

Carter
    $400 21
Calipers

Carter
    $400 17
Smithsonian

Triple Stumper
    $400 9
Tom (Tom the piper's son)

Triple Stumper
    $500 30
Sana

Triple Stumper
    $500 13
Dim sum

Darlene
    $500 26
Ernest P. Worrell

Carter
    $500 24
(Alex: Minute to go.)

californium

Triple Stumper
    $500 18
(Kathleen: What is The Dukes of Hazzard?)

The Patty Duke Show

Kathleen
Triple Stumper
    $500 10
Deeds

Kathleen

Scores at the first commercial break (after clue 15):

Darlene Carter Kathleen
$1,100 $700 $1,000

Scores at the end of the Jeopardy! Round:

Darlene Carter Kathleen
$1,900 $1,800 $1,100

Double Jeopardy! Round responses

SCIENCE & NATURE
FURNITURE
HOMETOWNS
KILLER MUSICALS
Y1K
"PIN" ME
    $200 1
Skunk

Carter
    $200 27
Bamboo

Carter
    $200 2
Stockholm

Carter
    $200 8
Les Misérables

Darlene
    $200 20
Japan

Darlene
    $200 13
Pinwheel

Kathleen
    $400 4
Mosquito

Carter
    $400 28
Leaf

Kathleen
    $400 3
Copenhagen

Kathleen
    $400 9
Sweeney Todd

Kathleen
    $400 21
Maoris

Kathleen
    $400 14
Pinch hitter

Darlene
    $600 10
Snake

Darlene
    $600 25
art deco

Carter
    $600 5
(Carter: What is Santiago?)

Havana

Carter
    $600 12
The Threepenny Opera

Kathleen
    $1,900 22
(Kathleen: What is Greenland?)

Iceland

Kathleen
    $600 15
Pinto bean

Darlene
    $800 11
Phobos

Triple Stumper
    $800 26
Fluting

Kathleen
    $800 6
(Kathleen: What is Paris?)

London

DarleneKathleen
    $800 18
(Carter: What is Oklahoma!?)

Carousel

DarleneCarter
    $800 23
Ethelred

Darlene
    $800 16
Pinscher

Kathleen
    $1000 30
(Kathleen: Who was Faraday?)

Nikola Tesla

Kathleen
Triple Stumper
    $1000 29
Pierre L'Enfant

Carter
    $1000 7
Buenos Aires

Triple Stumper
    $1000 19
Gabriel Garcia Marquez

Triple Stumper
    $1000 24
(Alex: A minute to go.)

Poland

Triple Stumper
    $1000 17
H.M.S. Pinafore

Darlene

Scores at the end of the Double Jeopardy! Round:

Darlene Carter Kathleen
$7,300 $3,000 $1,400
(lock game)

[wagering suggestions for these scores]

Final Jeopardy! Round responses

AMERICAN AUTHORS
KathleenWho is Mark Twain
$1,400
CarterWho Pokey Reese
$100
DarleneWho is Melville
$1,299
Herman Melville ("Typee")

Final scores:

Darlene Carter Kathleen
$8,599 $2,900 $0
3-day champion: $21,698 2nd place: Princess Cruise between Los Angeles & Vancouver 3rd place: Panasonic Palmcam Digital Camera

Game dynamics:

Coryat scores:

Darlene Carter Kathleen
$7,300 $4,100 $3,300
18 R,
2 W
14 R,
3 W
(including 2 DDs)
14 R,
4 W
(including 1 DD)

Combined Coryat: $14,700

[game clues] [game scores] [suggest correction]

Game tape date: 1999-10-26
The J! Archive is created by fans, for fans. Scraping, republication, monetization, and malicious use prohibited; this site may use cookies and collect identifying information. See terms. The Jeopardy! game show and all elements thereof, including but not limited to copyright and trademark thereto, are the property of Jeopardy Productions, Inc. and are protected under law. This website is not affiliated with, sponsored by, or operated by Jeopardy Productions, Inc. Join the discussion at JBoard.tv.